| 000 | 00764nam a2200121Ia 4500 | ||
|---|---|---|---|
| 008 | 220620s9999||||xx |||||||||||||| ||und|| | ||
| 100 | _aPae, Hye K. | ||
| 245 | 0 | _aScript Effects as the Hidden Drive of the Mind, Cognition, and Culture | |
| 546 | _aEnglish[eng] | ||
| 650 | _aLiteracy||Language Education||Cognitive Linguistics||Psycholinguistics and Cognitive Lingusitics||Open Access||The emergence of written language||Linguistic relativity and reading||Psychological mechanisms of reading||Script effects and critical contrastive rhetoric||Writing systems and literacy||Language teaching & learning||Linguistics||Cognitive studies | ||
| 856 | _uhttps://library.oapen.org/bitstream/20.500.12657/42911/1/2020_Book_ScriptEffectsAsTheHiddenDriveO.pdf | ||
| 942 | _cEB | ||
| 999 |
_c33210 _d33210 |
||